<?xml version="1.0" encoding="UTF-8"?>
<record
    xmlns:xsi="http://www.w3.org/2001/XMLSchema-instance"
    xsi:schemaLocation="http://www.loc.gov/MARC21/slim http://www.loc.gov/standards/marcxml/schema/MARC21slim.xsd"
    xmlns="http://www.loc.gov/MARC21/slim">

  <leader>05748nab a22009017  4500</leader>
  <controlfield tag="003">AR-RoUNA</controlfield>
  <datafield tag="022" ind1=" " ind2=" ">
    <subfield code="a">0327-9022</subfield>
  </datafield>
  <datafield tag="040" ind1=" " ind2=" ">
    <subfield code="a">AR-RoUNA</subfield>
    <subfield code="b">spa</subfield>
  </datafield>
  <datafield tag="041" ind1=" " ind2=" ">
    <subfield code="a">spa</subfield>
  </datafield>
  <datafield tag="044" ind1=" " ind2=" ">
    <subfield code="a">ag</subfield>
  </datafield>
  <datafield tag="245" ind1=" " ind2=" ">
    <subfield code="a">Summa+</subfield>
  </datafield>
  <datafield tag="260" ind1=" " ind2=" ">
    <subfield code="a">Buenos Aires ,</subfield>
    <subfield code="c">1993</subfield>
  </datafield>
  <datafield tag="300" ind1=" " ind2=" ">
    <subfield code="a">128 p. :</subfield>
    <subfield code="b">il. byn.</subfield>
    <subfield code="b">planos</subfield>
    <subfield code="c">34 X25 cm.</subfield>
  </datafield>
  <datafield tag="505" ind1="0" ind2=" ">
    <subfield code="t">INDICE</subfield>
  </datafield>
  <datafield tag="505" ind1="0" ind2=" ">
    <subfield code="t">TORRES DE VIVIENDAS - VIVIENDA COLECTIVA - MAR DEL PLATA</subfield>
  </datafield>
  <datafield tag="505" ind1="0" ind2=" ">
    <subfield code="a">Roberto Fern&#xE1;ndez / Habitar Paisajes - Comentarios sobre dos obras de M&amp;OM: Barracas y vistas. p. 4</subfield>
  </datafield>
  <datafield tag="505" ind1="0" ind2=" ">
    <subfield code="a">Estudio Mariani - P&#xE9;rez Maraviglia / Vistas de Playa Grande, Argentina, 2008. p. 6</subfield>
  </datafield>
  <datafield tag="505" ind1="0" ind2=" ">
    <subfield code="a">Estudio Mariani - P&#xE9;rez Maraviglia / Barrancas de Playa Grande, Argentina, 2008. p. 10</subfield>
  </datafield>
  <datafield tag="505" ind1="0" ind2=" ">
    <subfield code="t">VIVIENDA COLECTIVA - BUENOS AIRES</subfield>
  </datafield>
  <datafield tag="505" ind1="0" ind2=" ">
    <subfield code="t">MANZANA, BASAMENTO Y REMATE</subfield>
  </datafield>
  <datafield tag="505" ind1="0" ind2=" ">
    <subfield code="a">RBVP Arqs. - Robirosa-Beccar Varela-Pasinato-Mccormach asociados. Balbuena-Mccormack-Wofcy Damonte &amp; Donaldson / Forum Puerto Madero, Juana Manso 195, 2009. p. 14</subfield>
  </datafield>
  <datafield tag="505" ind1="0" ind2=" ">
    <subfield code="a">Cayetana Merc&#xE9; /  Superpoderosas. p. 22</subfield>
  </datafield>
  <datafield tag="505" ind1="0" ind2=" ">
    <subfield code="a">Robirosa-Beccar Varela-Pasinato arqs. Sebasti&#xE1;n Balbuena / Torres Renoir - Torre 1, Puerto madero, Buenos. Aires, 2008. p. 24</subfield>
  </datafield>
  <datafield tag="505" ind1="0" ind2=" ">
    <subfield code="a">Estudio Camps &amp; Tiscornia arqs. Luis G. Camps - Ramiro Tiscornia - Mariano Tiscornia - Opi Mazzinghi, arqs. / Torre Quartier Boulevard, Palermo,  Buenos. Aires. p. 26</subfield>
  </datafield>
  <datafield tag="505" ind1="0" ind2=" ">
    <subfield code="a">Estudio Aisenson, Roberto Aisemsom, Carlos Pujals, Mar&#xED;a Hojman, Pablo Pschepiurca, Jos&#xE9; Fiszelew, arqs. / Torre Bellini, Palermo, C.A. Bs As. p. 28</subfield>
  </datafield>
  <datafield tag="505" ind1="0" ind2=" ">
    <subfield code="a">Roberto Segre / Dos Pritzker en acci&#xF3;n. p. 30</subfield>
  </datafield>
  <datafield tag="505" ind1="0" ind2=" ">
    <subfield code="a">Ruth Verde Zein / Habitat, Lina Bo Bardi y la cr&#xED;tica de arquitectura no alienada. p. 32</subfield>
  </datafield>
  <datafield tag="505" ind1="0" ind2=" ">
    <subfield code="a">D&#xE9;bora Cerchiara / Vivir en grupo. p. 42</subfield>
  </datafield>
  <datafield tag="505" ind1="0" ind2=" ">
    <subfield code="a">Ariel Jacubovich / Freire Puzzlehomes, Freire 3576, Saavedra, Buenos Aires, 2007. p. 48</subfield>
  </datafield>
  <datafield tag="505" ind1="0" ind2=" ">
    <subfield code="a">Odromo-Monoblock / Edificio de Viviendas Uriarte 1010, Buenos Airess, 2008. p. 52</subfield>
  </datafield>
  <datafield tag="505" ind1="0" ind2=" ">
    <subfield code="a">Adamo-Faiden arqs. Sebasti&#xE1;n Adamo, Marcelo Faiden / Edificio Arribe&#xF1;os 3182, Buenos Aires, 2007. p. 56</subfield>
  </datafield>
  <datafield tag="505" ind1="0" ind2=" ">
    <subfield code="a">Adamo-Faiden arqs. Sebasti&#xE1;n Adamo, Marcelo Faiden / Edificio Conesa 4560, Buenos Aires, 2008. p. 60</subfield>
  </datafield>
  <datafield tag="505" ind1="0" ind2=" ">
    <subfield code="a">ATV Arqs. Federico Azubel, Ignacio Trabucchi, Walter Viggiano / Edificio Cramer 3154, Nu&#xF1;ez, Buenos Aires, 2006. p. 64</subfield>
  </datafield>
  <datafield tag="505" ind1="0" ind2=" ">
    <subfield code="a">Estudio Abramzon &amp; Asociados / Edificio de Vivienda en Nu&#xF1;ez, 11 de Septiembre 3219, Buenos Aires, 2008. p. 68</subfield>
  </datafield>
  <datafield tag="505" ind1="0" ind2=" ">
    <subfield code="a">SDPC / Sardin-Del Puerto-Col&#xF3;n / Edificio Maure 3310, Buenos Aires, 2006. p. 72</subfield>
  </datafield>
  <datafield tag="505" ind1="0" ind2=" ">
    <subfield code="a">Federico Eliaschev, arq. Rodrigo Berc&#xFA;n, C&#xE9;sar Padilla / Edificio en calle C&#xE9;spedes, Buenos Aires, 2006. p. 76</subfield>
  </datafield>
  <datafield tag="505" ind1="0" ind2=" ">
    <subfield code="t">VIVIENDA COLECTIVA - ALEMANIA</subfield>
  </datafield>
  <datafield tag="505" ind1="0" ind2=" ">
    <subfield code="a">Fernando Diez / Domesticidad y trabajo: de la flexibilidad a la apertura. p. 80</subfield>
  </datafield>
  <datafield tag="505" ind1="0" ind2=" ">
    <subfield code="a">arq. Mariano Clusellas, y Otros / Vivienda colectiva HBT510, Humboldt 1510, Buenos Aires, 2008. p. 80</subfield>
  </datafield>
  <datafield tag="505" ind1="0" ind2=" ">
    <subfield code="a">Ilka y Andreas Ruby / Plan Colectivo de Negocios. p. 84</subfield>
  </datafield>
  <datafield tag="505" ind1="0" ind2=" ">
    <subfield code="a">Zanderroth Arqs. / Vivienda colectiva RUSC, Ruppiner Str. y Sch&#xF6;nholzer Str, Berl&#xED;n, Alemania2007. p. 86</subfield>
  </datafield>
  <datafield tag="505" ind1="0" ind2=" ">
    <subfield code="a">Zanderroth Arqs /  Vivienda colectiva SC11, Sch&#xF6;nholzer Str 11, Berl&#xED;n, Alemania, 2008. p. 90</subfield>
  </datafield>
  <datafield tag="505" ind1="0" ind2=" ">
    <subfield code="a">Roedig-Schop arqs. / Vivienda colectiva K20, Kreutziger Str. 20, Berl&#xED;n, Alemania, 2008. p. 92</subfield>
  </datafield>
  <datafield tag="505" ind1="0" ind2=" ">
    <subfield code="a">Roedig, Schop arqs. / Vivienda colectiva A52 - Diez en uno, Anklamer Str 52, Berl&#xED;n, Alemania, 2005. p. 94</subfield>
  </datafield>
  <datafield tag="505" ind1="0" ind2=" ">
    <subfield code="t">PR&#xC1;CTICAS DEL INTERIOR / C&#xD3;RDOBA</subfield>
  </datafield>
  <datafield tag="505" ind1="0" ind2=" ">
    <subfield code="a">Mart&#xED;n Di Pecco / &#xC1;gil y Directo. p. 96</subfield>
  </datafield>
  <datafield tag="505" ind1="0" ind2=" ">
    <subfield code="a">Roberto Benito, Oscar Aristimu&#xF1;o, Carlos Costamagna arqs. / Consejo Profesional de Ciencias Econ&#xF3;micas, San Francisco, 2006. p. 100</subfield>
  </datafield>
  <datafield tag="505" ind1="0" ind2=" ">
    <subfield code="a">Roberto Benito arq. / Consultorios Leoni, San Francisco, C&#xF3;rdoba, Argentina, 2008. p. 102</subfield>
  </datafield>
  <datafield tag="505" ind1="0" ind2=" ">
    <subfield code="a">Roberto Benito arq. / Departamentos Traverso, San Francisco, C&#xF3;rdoba, Argentina, 2008. p. 104</subfield>
  </datafield>
  <datafield tag="505" ind1="0" ind2=" ">
    <subfield code="a">Roberto Benito arq. / Departamentos D&#xFA;plex Giordano, San Francisco, C&#xF3;rdoba, Argentina, 2008. p. 106</subfield>
  </datafield>
  <datafield tag="505" ind1="0" ind2=" ">
    <subfield code="a">Roberto Benito arq. / Casa Casaldi, San Francisco, C&#xF3;rdoba, Argentina, 2007. p. 106</subfield>
  </datafield>
  <datafield tag="505" ind1="0" ind2=" ">
    <subfield code="a">Roberto Benito arq./ Casa Mar&#xED;n, San Francisco, C&#xF3;rdoba, Argentina, 2007. p. 108</subfield>
  </datafield>
  <datafield tag="505" ind1="0" ind2=" ">
    <subfield code="a">Roberto Benito arq./ Casa Magnano - Vivienda Rural, Zona Rural Josefina, Santa Fe, Argentina, 2008. p. 110</subfield>
  </datafield>
  <datafield tag="505" ind1="0" ind2=" ">
    <subfield code="a">Roberto Benito arq./ Quincho Vignolo, San Francisco, C&#xF3;rdoba, Argentina, 2003. p. 112</subfield>
  </datafield>
  <datafield tag="505" ind1="0" ind2=" ">
    <subfield code="t">FRAGMENTOS - CUADERNO DE VIAJES</subfield>
  </datafield>
  <datafield tag="505" ind1="0" ind2=" ">
    <subfield code="a">Ignacio Ros de Olano / R&#xED;o de Janeiro en Papel. p. 114</subfield>
  </datafield>
  <datafield tag="505" ind1="0" ind2=" ">
    <subfield code="a">Lecturas / Pintoresco y delito. p. 116</subfield>
  </datafield>
  <datafield tag="505" ind1="0" ind2=" ">
    <subfield code="a">Universitarias / Buenos Aires a&#xE9;rea y subterr&#xE1;nea. p. 118</subfield>
  </datafield>
  <datafield tag="505" ind1="0" ind2=" ">
    <subfield code="a">Taller de pies a cabeza Buenos Aires. p. 118</subfield>
  </datafield>
  <datafield tag="505" ind1="0" ind2=" ">
    <subfield code="a">Rafael E. J. Iglesia / Bolivia en Liniers. p. 120</subfield>
  </datafield>
  <datafield tag="505" ind1="0" ind2=" ">
    <subfield code="a">Roberto Fern&#xE1;ndez / Roussel: el lugar ficticio. p. 123</subfield>
  </datafield>
  <datafield tag="505" ind1="0" ind2=" ">
    <subfield code="a">Rita Molinos y Mario Sabugo / Egipto (2): El Cairo. p. 126</subfield>
  </datafield>
  <datafield tag="505" ind1="0" ind2=" ">
    <subfield code="t">POST-SCRIPTUM</subfield>
  </datafield>
  <datafield tag="505" ind1="0" ind2=" ">
    <subfield code="a">Carlos Gustavo Gim&#xE9;nez / El comitente y el arquitecto. p. 128</subfield>
  </datafield>
  <datafield tag="600" ind1=" " ind2="0">
    <subfield code="9">1557</subfield>
    <subfield code="a">Bardi, Lina Bo</subfield>
    <subfield code="d">1914-1992.</subfield>
  </datafield>
  <datafield tag="600" ind1=" " ind2="0">
    <subfield code="a"> Roeding, Christopf</subfield>
    <subfield code="9">27414</subfield>
  </datafield>
  <datafield tag="600" ind1=" " ind2="0">
    <subfield code="a">Schop, Ulrich</subfield>
    <subfield code="9">27415</subfield>
  </datafield>
  <datafield tag="650" ind1=" " ind2=" ">
    <subfield code="a">Arquitectura contempor&#xE1;nea</subfield>
  </datafield>
  <datafield tag="650" ind1=" " ind2=" ">
    <subfield code="a">Viviendas colectivas</subfield>
    <subfield code="9">1342</subfield>
  </datafield>
  <datafield tag="651" ind1=" " ind2="0">
    <subfield code="9">193</subfield>
    <subfield code="a">Buenos Aires (Argentina)</subfield>
  </datafield>
  <datafield tag="651" ind1=" " ind2="0">
    <subfield code="a">San Francisco (C&#xF3;rdoba, Argentina)</subfield>
    <subfield code="9">27416</subfield>
  </datafield>
  <datafield tag="651" ind1=" " ind2="0">
    <subfield code="a">Mar del Plata (Buenos Aires, Argentina)</subfield>
    <subfield code="9">2550</subfield>
  </datafield>
  <datafield tag="773" ind1="0" ind2=" ">
    <subfield code="a">Summa+</subfield>
    <subfield code="d">Buenos Aires, Argentina</subfield>
    <subfield code="g">N&#xBA;101 (jun-2009), p. 128</subfield>
    <subfield code="x">0327-9022</subfield>
  </datafield>
  <datafield tag="908" ind1=" " ind2=" ">
    <subfield code="a">Imp</subfield>
  </datafield>
  <datafield tag="942" ind1=" " ind2=" ">
    <subfield code="2">udc</subfield>
    <subfield code="c">ART</subfield>
  </datafield>
  <datafield tag="945" ind1=" " ind2=" ">
    <subfield code="a">MBP</subfield>
    <subfield code="d">2022-07-08</subfield>
  </datafield>
  <datafield tag="980" ind1=" " ind2=" ">
    <subfield code="8">5</subfield>
    <subfield code="g">Mar&#xED;a Machado</subfield>
    <subfield code="6">138</subfield>
    <subfield code="a">Carolina Rainero</subfield>
  </datafield>
  <datafield tag="999" ind1=" " ind2=" ">
    <subfield code="c">12097</subfield>
    <subfield code="d">12097</subfield>
  </datafield>
  <datafield tag="952" ind1=" " ind2=" ">
    <subfield code="0">0</subfield>
    <subfield code="1">0</subfield>
    <subfield code="2">udc</subfield>
    <subfield code="4">0</subfield>
    <subfield code="7">0</subfield>
    <subfield code="a">AR-RoUNA</subfield>
    <subfield code="b">AR-RoUNA</subfield>
    <subfield code="c">Heme</subfield>
    <subfield code="d">2025-09-05</subfield>
    <subfield code="e">Don</subfield>
    <subfield code="l">0</subfield>
    <subfield code="p">1002745</subfield>
    <subfield code="r">2025-09-05</subfield>
    <subfield code="t">ej. 1</subfield>
    <subfield code="w">2025-09-05</subfield>
    <subfield code="y">ART</subfield>
    <subfield code="k">K6</subfield>
    <subfield code="x"></subfield>
  </datafield>
</record>
